[Event "World Rapid Team 2023"]
[Site "Dusseldorf GER"]
[Date "2023.08.28"]
[Round "12.7"]
[Board "2"]
[White "Koellner, Ruben Gideon"]
[Black "Zanan, Evgeny"]
[Result "1-0"]
[WhiteTitle "IM"]
[BlackTitle "GM"]
[WhiteElo "2478"]
[BlackElo "2470"]
[WhiteTeam "Team Chessemy.com"]
[BlackTeam "Rishon LeZion Chess Club"]
[WhiteFideId "12993093"]
[BlackFideId "24101940"]
[EventDate "2023.08.26"]

1. d4 Nf6 2. Nf3 d5 3. c3 c6 4. Bf4 Bf5 5. Nh4 Bg4 6. h3 Bh5 7. g4 Bg6 8. Nd2
Nbd7 9. Qb3 b5 10. Nxg6 hxg6 11. Bg2 Nb6 12. e4 e6 13. Bg3 Be7 14. O-O a5 15.
exd5 exd5 16. Nf3 Ne4 17. Ne5 Nd2 18. Qc2 Nxf1 19. Nxc6 Qd7 20. Ne5 Qb7 21. Bxf1
Nc4 22. a4 Nxe5 23. Bxe5 O-O 24. axb5 f5 25. c4 Bf6 26. Bg2 Rad8 27. Qe2 Qf7 28.
Bxf6 Qxf6 29. Bxd5+ Kh7 30. Ra3 Qxd4 31. Rd3 Qf4 32. Qe3 Qc7 33. Qg3 Qe7 34. g5
Rxd5 35. Rxd5 Qe1+ 36. Kg2 Qe4+ 37. Qf3 Qxc4 38. b6 Rb8 39. Rd6 Qb4 40. Qc6 Qf4
41. Rxg6 Rd8 42. Rxg7+ Kxg7 43. Qf6+ Kh7 44. Qxd8 Qe4+ 45. Kf1 Qb1+ 46. Ke2 Qc2+
47. Qd2 Qe4+ 48. Qe3 Qc2+ 49. Kf3 Qc6+ 50. Kg3 Kg6 51. h4 Qd6+ 52. f4 Qc6 53.
h5+ 1-0

[Event "World Rapid Team 2023"]
[Site "Dusseldorf GER"]
[Date "2023.08.28"]
[Round "12.7"]
[Board "3"]
[White "Bronstein, Or"]
[Black "Carlstedt, Jonathan"]
[Result "1-0"]
[WhiteTitle "IM"]
[BlackTitle "IM"]
[WhiteElo "2459"]
[BlackElo "2453"]
[WhiteTeam "Rishon LeZion Chess Club"]
[BlackTeam "Team Chessemy.com"]
[WhiteFideId "2815770"]
[BlackFideId "24614386"]
[EventDate "2023.08.26"]

1. d4 Nf6 2. c4 e6 3. Nc3 Bb4 4. e3 O-O 5. Bd3 d5 6. a3 Bxc3+ 7. bxc3 dxc4 8.
Bxc4 c5 9. Ne2 Qc7 10. Bd3 b6 11. e4 Ba6 12. Bg5 Bxd3 13. Qxd3 Nfd7 14. O-O Nc6
15. Rad1 f6 16. Bh4 e5 17. f4 cxd4 18. Qc4+ Kh8 19. cxd4 exd4 20. Nxd4 Nc5 21.
Nb5 Qf7 22. Qd5 Ne7 23. Qxf7 Rxf7 24. Nd6 Rff8 25. e5 Ng6 26. Bg3 fxe5 27. f5
Nf4 28. Bxf4 exf4 29. Rxf4 Kg8 30. Rfd4 Rad8 31. g4 Rd7 32. Kg2 Re7 33. Kf3 g6
34. Rf4 Re5 35. Nc4 Ree8 36. Rd5 gxf5 37. Rfxf5 Rxf5+ 38. Rxf5 Re1 39. Nd6 Ra1
40. Kf4 Rxa3 41. h4 h6 42. Rf6 Ra4+ 43. Kf5 h5 44. Rg6+ Kh7 45. Ne8 Nd7 46. Rg7+
Kh8 47. Rxd7 Rxg4 48. Nf6 Rxh4 49. Rh7# 1-0

[Event "World Rapid Team 2023"]
[Site "Dusseldorf GER"]
[Date "2023.08.28"]
[Round "12.7"]
[Board "4"]
[White "Rafiee, Makan"]
[Black "Kaspi, Alexander"]
[Result "1-0"]
[WhiteTitle "FM"]
[BlackTitle "IM"]
[WhiteElo "2279"]
[BlackElo "2405"]
[WhiteTeam "Team Chessemy.com"]
[BlackTeam "Rishon LeZion Chess Club"]
[WhiteFideId "24609340"]
[BlackFideId "2802910"]
[EventDate "2023.08.26"]

1. e4 c5 2. Nf3 d6 3. d4 cxd4 4. Nxd4 Nf6 5. Nc3 a6 6. Bg5 e6 7. f4 Be7 8. Qf3
Qc7 9. O-O-O Nbd7 10. Bd3 h6 11. Qh3 Nb6 12. Rhe1 Bd7 13. e5 dxe5 14. fxe5 Nfd5
15. Bxe7 Nxe7 16. Qg3 O-O 17. Ne4 Kh8 18. Rf1 Nf5 19. Nxf5 exf5 20. Nd6 g6 21.
Nxf7+ Rxf7 22. Qxg6 Rg7 23. Qxh6+ Kg8 24. e6 Qc6 25. Bxf5 Re8 26. Rde1 Nc4 27.
Re4 Qb5 28. Bh7+ Kh8 29. Bg6+ Kg8 30. Bf7+ Kf8 31. Bxe8+ Kxe8 32. Qh8+ 1-0

[Event "World Rapid Team 2023"]
[Site "Dusseldorf GER"]
[Date "2023.08.28"]
[Round "12.7"]
[Board "5"]
[White "Efroimski, Marsel"]
[Black "Lubbe, Melanie"]
[Result "0-1"]
[WhiteTitle "IM"]
[BlackTitle "WGM"]
[WhiteElo "2439"]
[BlackElo "2256"]
[WhiteTeam "Rishon LeZion Chess Club"]
[BlackTeam "Team Chessemy.com"]
[WhiteFideId "2810964"]
[BlackFideId "4690745"]
[EventDate "2023.08.26"]

1. e4 c5 2. Nf3 d6 3. Bb5+ Bd7 4. Bxd7+ Qxd7 5. O-O Nf6 6. Qe2 Nc6 7. c3 e6 8.
d4 cxd4 9. cxd4 d5 10. e5 Ne4 11. Be3 f6 12. exf6 gxf6 13. Ne1 O-O-O 14. f3 Nd6
15. Bf2 Nf5 16. Qd3 Bd6 17. Nc3 Qg7 18. Nb5 Bb8 19. Qd2 a6 20. Nc3 Qc7 21. g3 h5
22. f4 Rdg8 23. Qe2 Qd6 24. Rd1 Rh7 25. Ng2 h4 26. g4 h3 27. Ne1 Rxg4+ 28. Qxg4
Rg7 29. Qxg7 Nxg7 30. Bg3 Nf5 31. Nc2 Qd7 32. Rd3 Qh7 33. Rff3 Ba7 34. Ne2 e5
35. fxe5 fxe5 36. Rd1 Nxg3 37. Rxg3 Qxc2 38. Re1 exd4 39. Nf4 d3+ 40. Kh1 d2 41.
Re8+ Kd7 42. Reg8 d1=Q+ 43. Rg1 Qe4+ 0-1

[Event "World Rapid Team 2023"]
[Site "Dusseldorf GER"]
[Date "2023.08.28"]
[Round "12.7"]
[Board "6"]
[White "Rennkamp, David"]
[Black "Bulkovstein, David"]
[Result "1/2-1/2"]
[WhiteElo "1738"]
[BlackElo "1766"]
[WhiteTeam "Team Chessemy.com"]
[BlackTeam "Rishon LeZion Chess Club"]
[WhiteFideId "16249526"]
[BlackFideId "2834707"]
[EventDate "2023.08.26"]

1. e4 e6 2. d4 d5 3. Nd2 Be7 4. c3 c5 5. Ngf3 Nf6 6. e5 Nfd7 7. Bd3 Nc6 8. O-O
a5 9. Re1 Qb6 10. Qb3 Qxb3 11. axb3 cxd4 12. cxd4 Nb4 13. Bb1 b6 14. Nf1 Nb8 15.
Ne3 Bd7 16. Rd1 Bb5 17. Nc2 N8a6 18. Nfe1 Rc8 19. Nxb4 Nxb4 20. Bd2 Kd7 21. Bxb4
Bxb4 22. Bd3 Bc6 23. Rac1 Rc7 24. Nc2 Be7 25. Na3 Rhc8 26. Rc2 h6 27. g3 f6 28.
Rdc1 fxe5 29. dxe5 Bg5 30. f4 Be7 31. Nb5 Bxb5 32. Bxb5+ Kd8 33. Rxc7 Rxc7 34.
Rxc7 Kxc7 35. g4 Bc5+ 36. Kg2 Bd4 37. Kf3 Bxb2 38. h3 Kd8 39. Ke2 g5 40. Kf3 Ke7
41. Bd3 gxf4 42. Kxf4 Kf7 43. h4 Bc1+ 44. Kf3 Kg7 45. Bb5 Bb2 46. Kf4 Bc1+ 47.
Kf3 Kf7 48. Bd3 Ke7 49. Bb5 Kd8 50. Bd3 Bd2 51. Bb5 Ke7 52. Bd3 Be1 53. h5 Bd2
54. Bb5 Bc1 55. Bd3 Bd2 56. Bb5 1/2-1/2

[Event "World Rapid Team 2023"]
[Site "Dusseldorf GER"]
[Date "2023.08.28"]
[Round "12.8"]
[Board "1"]
[White "Yelisieiev, Yevhenii"]
[Black "Caruana, Fabiano"]
[Result "0-1"]
[WhiteTitle "IM"]
[BlackTitle "GM"]
[WhiteElo "2401"]
[BlackElo "2782"]
[WhiteTeam "Deutsche Schachjugend 1"]
[BlackTeam "Kompetenzakademie Allstars"]
[WhiteFideId "14139642"]
[BlackFideId "2020009"]
[EventDate "2023.08.26"]

1. d4 Nf6 2. Nf3 g6 3. g3 Bg7 4. Bg2 d6 5. O-O O-O 6. b3 a5 7. Bb2 c6 8. c4 Bf5
9. Nc3 Ne4 10. Nh4 Nxc3 11. Bxc3 Bd7 12. Qd2 a4 13. e4 axb3 14. axb3 Na6 15. Nf3
c5 16. d5 Bxc3 17. Qxc3 f6 18. Ne1 Nb4 19. Nd3 Nxd3 20. Qxd3 b5 21. Qc3 Qb6 22.
Rxa8 Rxa8 23. Ra1 Rxa1+ 24. Qxa1 bxc4 25. bxc4 Qb4 26. Bf1 Ba4 27. h4 Kg7 28.
Qc1 Bb3 29. Kg2 Ba4 30. Be2 Qb3 31. Kg1 Qc2 32. Qxc2 Bxc2 33. f3 g5 34. Kf2 Kg6
35. hxg5 fxg5 36. g4 Kf6 37. Ke3 Ke5 38. Bf1 Bd1 39. Bd3 Kf6 40. e5+ Kxe5 41.
Bxh7 Bb3 42. Bd3 Ba2 43. Be2 Bb1 44. Bd1 Bg6 45. Ba4 Bh7 46. Bd1 Bg8 47. Be2 e6
48. dxe6 Bxe6 49. Bd3 Bg8 50. Be2 Bf7 51. Bd3 Be6 52. Be2 Bc8 53. Bd1 Bd7 54.
Bb3 Be8 55. Bc2 Bd7 56. Bb3 Bc6 57. Bc2 d5 58. cxd5 Bxd5 59. Bd1 Ba2 60. Bc2 c4
61. Bf5 Bb3 62. Be4 Ba4 63. Bf5 Bd1 64. Be4 c3 65. Kd3 c2 66. Kd2 Kf4 67. Kc1
Ke3 68. Bf5 Kxf3 69. Kd2 Kf4 70. Kc1 Bxg4 71. Bxc2 Bf5 72. Bd1 Ke3 73. Bh5 Be4
74. Bg4 Kf4 75. Bd7 Bf5 76. Bc6 Ke3 77. Kd1 g4 78. Ke1 Bd3 79. Bb7 g3 80. Bg2
Bb5 81. Bd5 Be2 82. Bg2 Bd3 83. Bc6 Be4 84. Bxe4 Kxe4 85. Ke2 Kf4 86. Ke1 Ke3
87. Kf1 Kf3 88. Kg1 g2 0-1

[Event "World Rapid Team 2023"]
[Site "Dusseldorf GER"]
[Date "2023.08.28"]
[Round "12.8"]
[Board "2"]
[White "Aronian, Levon"]
[Black "Colbow, Collin"]
[Result "1-0"]
[WhiteTitle "GM"]
[BlackTitle "FM"]
[WhiteElo "2742"]
[BlackElo "2409"]
[WhiteTeam "Kompetenzakademie Allstars"]
[BlackTeam "Deutsche Schachjugend 1"]
[WhiteFideId "13300474"]
[BlackFideId "16201132"]
[EventDate "2023.08.26"]

1. e4 c5 2. Nf3 d6 3. c3 Nf6 4. Be2 Nbd7 5. d3 e5 6. O-O Be7 7. Re1 Nf8 8. d4
cxd4 9. cxd4 Ng6 10. Nc3 O-O 11. h3 Be6 12. Bf1 Rc8 13. d5 Bd7 14. Qb3 Qc7 15.
Be3 Bd8 16. Rac1 Qb8 17. Nd2 Ne8 18. Bb5 Bxb5 19. Nxb5 a6 20. Rxc8 Qxc8 21. Nc3
Ba5 22. Rc1 Nf6 23. Nc4 Bxc3 24. Rxc3 Nxe4 25. Nxd6 Nxd6 26. Rxc8 Rxc8 27. Qb6
Nf5 28. Qxb7 Rd8 29. Qc7 Ra8 30. d6 Nf8 31. d7 Ne6 32. Qc8+ 1-0

[Event "World Rapid Team 2023"]
[Site "Dusseldorf GER"]
[Date "2023.08.28"]
[Round "12.8"]
[Board "4"]
[White "Batsiashvili, Nino"]
[Black "Gloeckler, Christian"]
[Result "1/2-1/2"]
[WhiteTitle "GM"]
[BlackTitle "FM"]
[WhiteElo "2474"]
[BlackElo "2318"]
[WhiteTeam "Kompetenzakademie Allstars"]
[BlackTeam "Deutsche Schachjugend 1"]
[WhiteFideId "13602993"]
[BlackFideId "34608966"]
[EventDate "2023.08.26"]

1. d4 Nf6 2. c4 e6 3. Nc3 Bb4 4. Nf3 O-O 5. Bg5 c5 6. e3 cxd4 7. Qxd4 h6 8. h4
Nc6 9. Qf4 Re8 10. Nd2 b6 11. Bd3 Bb7 12. Rh3 d5 13. Bxf6 Qxf6 14. Qxf6 gxf6 15.
cxd5 Bxc3 16. bxc3 Ne5 17. Bb5 Red8 18. dxe6 fxe6 19. Rg3+ Kf7 20. e4 f5 21.
exf5 exf5 22. f4 Ng6 23. O-O-O a6 24. Bc4+ Kf6 25. Rf1 Rac8 26. h5 Ne7 27. Bb3
b5 28. Re1 Rd6 29. Rxe7 Kxe7 30. Rg7+ Kd8 31. Rxb7 Rxc3+ 32. Kb2 Rg3 33. Nf3
Rxg2+ 34. Ka3 Kc8 35. Rf7 Rf2 36. Nh4 a5 37. Nxf5 Rd3 38. Ne7+ Kd8 39. Nc6+ Ke8
40. Re7+ Kf8 41. Rf7+ Ke8 42. Re7+ Kf8 43. Rf7+ Ke8 44. Re7+ 1/2-1/2

[Event "World Rapid Team 2023"]
[Site "Dusseldorf GER"]
[Date "2023.08.28"]
[Round "12.8"]
[Board "5"]
[White "Groeschel, Karoline"]
[Black "Becker, Rainer"]
[Result "1-0"]
[WhiteElo "1934"]
[BlackElo "2128"]
[WhiteTeam "Deutsche Schachjugend 1"]
[BlackTeam "Kompetenzakademie Allstars"]
[WhiteFideId "34610537"]
[BlackFideId "4664612"]
[EventDate "2023.08.26"]

1. e4 d6 2. d4 g6 3. Nc3 Bg7 4. Be3 a6 5. Qd2 Nd7 6. O-O-O e5 7. h4 exd4 8. Bxd4
Bxd4 9. Qxd4 Qf6 10. h5 Qxd4 11. Rxd4 Ngf6 12. hxg6 fxg6 13. Bc4 b5 14. Bd5 Rb8
15. Bc6 O-O 16. f3 Ne5 17. Bd5+ Kg7 18. a3 a5 19. Bb3 b4 20. axb4 axb4 21. Na2
Nc6 22. Rc4 Na5 23. Rxb4 Nxb3+ 24. Rxb3 Rxb3 25. cxb3 Be6 26. Kc2 Ra8 27. Nc1
Nd7 28. Nge2 Rb8 29. Nd4 Bg8 30. Rd1 Nc5 31. Kc3 Kf6 32. Rd2 Rb6 33. Kc2 h5 34.
Nd3 Nxb3 35. Nxb3 Bxb3+ 36. Kc3 Bf7 37. Nf4 Rb5 38. b4 g5 39. Nd5+ Bxd5 40. exd5
Kf5 41. Kc4 Rb8 42. g3 Re8 43. Rh2 Re3 44. Rxh5 Rxf3 45. Rh7 Rf1 46. Rf7+ 1-0

[Event "World Rapid Team 2023"]
[Site "Dusseldorf GER"]
[Date "2023.08.28"]
[Round "12.9"]
[Board "1"]
[White "Huschenbeth, Niclas"]
[Black "So, Wesley"]
[Result "1/2-1/2"]
[WhiteTitle "GM"]
[BlackTitle "GM"]
[WhiteElo "2603"]
[BlackElo "2769"]
[WhiteTeam "Berlin Chess Federation"]
[BlackTeam "WR Chess"]
[WhiteFideId "24604747"]
[BlackFideId "5202213"]
[EventDate "2023.08.26"]

1. d4 d5 2. Nf3 e6 3. Bf4 Bd6 4. e3 b6 5. Nbd2 Bxf4 6. exf4 Ne7 7. h4 c5 8. c3
O-O 9. h5 h6 10. Bd3 Ba6 11. Bxa6 Nxa6 12. Qe2 Nb8 13. Nb3 Qd6 14. Qe5 Qc6 15.
O-O Nd7 16. Qe2 Qd6 17. Ne5 c4 18. Nd2 b5 19. g4 Nb6 20. Rae1 Na4 21. Ndf3 f6
22. Ng6 Nxg6 23. hxg6 Qxf4 24. Qxe6+ Kh8 25. Re3 Nxb2 26. g5 Rg8 27. Kg2 Nd3 28.
Rh1 fxg5 29. Qf7 g4 30. Rxd3 Qxf7 31. gxf7 Rgf8 32. Re3 gxf3+ 33. Rxf3 a5 34. a3
Ra7 35. Rh5 Rd7 36. Re5 g6 37. Re6 Kh7 38. Rb6 b4 39. axb4 axb4 40. Rxb4 Rdxf7
41. Rxf7+ Rxf7 42. Rb5 Rf5 43. Rb7+ Kg8 44. Rd7 h5 45. Kg3 Kf8 46. f4 Ke8 47.
Rg7 Rf6 48. Ra7 Kf8 49. Rd7 Rf5 50. Ra7 Ke8 51. Rg7 Rf6 52. Ra7 Re6 53. Kf3 Rb6
54. Ra5 Rd6 55. Ra7 Rb6 56. Ra5 Rb3 57. Rxd5 Rxc3+ 58. Kg2 h4 59. Rc5 Rg3+ 60.
Kh2 c3 61. Rc6 Kd7 62. d5 Rd3 63. Kg2 Rg3+ 64. Kh2 Rg4 65. Rxc3 Rxf4 66. Rc6 g5
67. Rh6 Rd4 68. Kh3 Ke7 69. Rg6 Rxd5 70. Kg4 Kf7 71. Rh6 Re5 72. Ra6 Kg7 73. Rb6
Kf7 74. Ra6 Re6 75. Ra5 Rg6 76. Ra7+ Kg8 77. Rb7 Rg7 78. Rb6 Kh7 79. Ra6 Rg6 80.
Ra8 Kg7 81. Rb8 Kf7 82. Rb7+ Kf8 83. Rb8+ Kg7 84. Ra8 Kh7 85. Rb8 Rg7 86. Rb6
Rg8 87. Ra6 Rg7 88. Rb6 Kg8 89. Rb8+ Kf7 90. Rb6 Rg8 91. Ra6 1/2-1/2

[Event "World Rapid Team 2023"]
[Site "Dusseldorf GER"]
[Date "2023.08.28"]
[Round "12.9"]
[Board "2"]
[White "Abdusattorov, Nodirbek"]
[Black "Rabiega, Robert"]
[Result "1-0"]
[WhiteTitle "GM"]
[BlackTitle "GM"]
[WhiteElo "2725"]
[BlackElo "2468"]
[WhiteTeam "WR Chess"]
[BlackTeam "Berlin Chess Federation"]
[WhiteFideId "14204118"]
[BlackFideId "4601475"]
[EventDate "2023.08.26"]

1. d4 d5 2. Nf3 Nf6 3. Bg5 Ne4 4. Bh4 c5 5. e3 Nc6 6. Nbd2 cxd4 7. Nxe4 dxe4 8.
Nxd4 Qb6 9. Bb5 Bd7 10. Bg3 e6 11. O-O a6 12. Bxc6 Bxc6 13. Nxe6 Rc8 14. Qg4 1-0

[Event "World Rapid Team 2023"]
[Site "Dusseldorf GER"]
[Date "2023.08.28"]
[Round "12.9"]
[Board "3"]
[White "Baskin, Robert"]
[Black "Praggnanandhaa, R"]
[Result "0-1"]
[WhiteTitle "IM"]
[BlackTitle "GM"]
[WhiteElo "2451"]
[BlackElo "2707"]
[WhiteTeam "Berlin Chess Federation"]
[BlackTeam "WR Chess"]
[WhiteFideId "24662402"]
[BlackFideId "25059530"]
[EventDate "2023.08.26"]

1. e4 e5 2. Nf3 Nc6 3. Bb5 a6 4. Ba4 d6 5. O-O Bd7 6. c3 g6 7. d4 Bg7 8. Bg5
Nge7 9. Re1 h6 10. Be3 O-O 11. Nbd2 Kh8 12. Bb3 b6 13. h3 f5 14. exf5 gxf5 15.
dxe5 dxe5 16. Nc4 Ng6 17. Bg5 Qe8 18. Nh4 Be6 19. Nxg6+ Qxg6 20. Bh4 e4 21. f4
Bxc4 22. Bxc4 Na5 23. Bf1 Bf6 24. Bf2 Rad8 25. Qc2 b5 26. Rad1 Nc4 27. Bxc4 bxc4
28. Bd4 Rg8 29. Qf2 Kh7 30. Bxf6 Qxf6 31. Rxd8 Rxd8 32. Kh2 Qd6 33. Re2 Rd7 34.
Qh4 Qg6 35. Re3 Qf7 36. Re2 Rd3 37. Qf2 Qe7 38. Qa7 e3 39. Qxa6 Qe4 40. Kg3 Rd7
41. Qf6 Rg7+ 42. Kh2 Qxf4+ 43. Kg1 Rd7 44. Re1 Qf2+ 45. Kh2 Rg7 46. Rg1 e2 47.
Qe5 e1=Q 0-1

[Event "World Rapid Team 2023"]
[Site "Dusseldorf GER"]
[Date "2023.08.28"]
[Round "12.9"]
[Board "5"]
[White "Paehtz, Elisabeth"]
[Black "Kosteniuk, Alexandra"]
[Result "1/2-1/2"]
[WhiteTitle "GM"]
[BlackTitle "GM"]
[WhiteElo "2471"]
[BlackElo "2532"]
[WhiteTeam "Berlin Chess Federation"]
[BlackTeam "WR Chess"]
[WhiteFideId "4641833"]
[BlackFideId "4128125"]
[EventDate "2023.08.26"]

1. Nf3 d5 2. g3 Nf6 3. Bg2 c5 4. d3 g6 5. O-O Bg7 6. Nc3 O-O 7. e4 dxe4 8. dxe4
Nc6 9. h3 Be6 10. Be3 Qa5 11. Qc1 Rfd8 12. Nd2 Nd4 13. Kh2 b5 14. Nb3 Qb6 15. f4
Rac8 16. Rf2 a5 17. Nd2 b4 18. Na4 Qb5 19. b3 c4 20. Bxd4 Rxd4 21. e5 Ne8 22.
Bf1 Qc6 23. Nf3 Rdd8 24. Qe3 cxb3 25. axb3 Bd5 26. Nb6 Qc5 27. Qxc5 Rxc5 28.
Nxd5 Rdxd5 29. Bc4 Rd8 30. Ng5 e6 31. Ne4 Rc7 32. Rxa5 Bf8 33. Bd3 Be7 34. g4
Kg7 35. Kg3 f5 36. exf6+ Bxf6 37. Nxf6 Kxf6 38. Re2 Rc3 39. Rae5 Nc7 40. R5e4
Rdxd3+ 41. cxd3 Rxb3 42. g5+ Ke7 43. Kg4 Rb1 44. Rc2 Kd6 45. Rce2 Kd7 46. Re1
Rb2 47. Ra1 b3 48. Ra7 Kd6 49. Rb4 Nd5 50. Rb8 Ne3+ 51. Kf3 Nc2 52. Rxh7 Nd4+
53. Ke4 Nc6 54. Rbb7 Re2+ 55. Kf3 Nd4+ 56. Kg3 Nf5+ 57. Kf3 Nd4+ 58. Kg3 Nf5+
59. Kf3 Nd4+ 1/2-1/2

[Event "World Rapid Team 2023"]
[Site "Dusseldorf GER"]
[Date "2023.08.28"]
[Round "12.10"]
[Board "1"]
[White "Elier, Ali"]
[Black "Bologan, Victor"]
[Result "0-1"]
[BlackTitle "GM"]
[WhiteElo "2187"]
[BlackElo "2574"]
[WhiteTeam "Wensing & Poebel"]
[BlackTeam "FIDE Management Board"]
[WhiteFideId "16217543"]
[BlackFideId "13900048"]
[EventDate "2023.08.26"]

1. e4 g6 2. d4 Bg7 3. h4 d5 4. e5 h5 5. Bd3 c5 6. c3 Nc6 7. Ne2 Qb6 8. O-O Nh6
9. Nf4 cxd4 10. e6 Bxe6 11. Nxe6 fxe6 12. Bxg6+ Kd7 13. cxd4 Bxd4 14. Nc3 Ng4
15. Qe2 Qc7 0-1

[Event "World Rapid Team 2023"]
[Site "Dusseldorf GER"]
[Date "2023.08.28"]
[Round "12.10"]
[Board "2"]
[White "Short, Nigel D"]
[Black "Wensing, Maximilian"]
[Result "1-0"]
[WhiteTitle "GM"]
[WhiteElo "2592"]
[BlackElo "2171"]
[WhiteTeam "FIDE Management Board"]
[BlackTeam "Wensing & Poebel"]
[WhiteFideId "400025"]
[BlackFideId "16222415"]
[EventDate "2023.08.26"]

1. e4 c5 2. Nf3 d6 3. d4 cxd4 4. Nxd4 Nf6 5. Nc3 a6 6. Be2 e5 7. Nb3 Be7 8. O-O
O-O 9. Qd3 b5 10. Bd2 Nbd7 11. Nd5 Nxd5 12. exd5 Qc7 13. Rfc1 Nc5 14. Nxc5 dxc5
15. c4 Bd6 16. b4 Bd7 17. Be3 Rfc8 18. Qd2 bxc4 19. Rxc4 Bb5 20. Rxc5 Bxc5 21.
bxc5 Bxe2 22. Qxe2 Qa5 23. Rc1 Qa4 24. c6 Qe4 25. Qc4 Qxc4 26. Rxc4 Rab8 27. d6
Rb1+ 28. Bc1 1-0

[Event "World Rapid Team 2023"]
[Site "Dusseldorf GER"]
[Date "2023.08.28"]
[Round "12.10"]
[Board "3"]
[White "Garbuz, Vitaliy"]
[Black "Al-Mudahka, Mohd"]
[Result "0-1"]
[BlackTitle "GM"]
[WhiteElo "2154"]
[BlackElo "2542"]
[WhiteTeam "Wensing & Poebel"]
[BlackTeam "FIDE Management Board"]
[WhiteFideId "12990710"]
[BlackFideId "12100030"]
[EventDate "2023.08.26"]

1. e4 c5 2. d4 cxd4 3. c3 d5 4. exd5 Qxd5 5. cxd4 Nc6 6. Nf3 Bg4 7. Nc3 Bxf3 8.
gxf3 Qxd4 9. Qxd4 Nxd4 10. Nb5 Ne6 11. Be3 a6 12. O-O-O g6 13. Kb1 Bh6 14. Nc3
Bxe3 15. fxe3 Nf6 16. Bh3 O-O 17. Bxe6 fxe6 18. Rd4 e5 19. Rb4 b5 20. Rd1 Rad8
21. Kc2 Rxd1 22. Kxd1 Rd8+ 23. Ke2 Nd5 24. Nxd5 Rxd5 25. a4 Kf7 26. axb5 Rxb5
27. Rxb5 axb5 28. Kd3 g5 29. e4 Ke6 30. Kc3 Kd6 31. Kb4 Kc6 32. Ka5 Kc5 33. b3
h5 34. h3 h4 35. Ka6 Kb4 36. Kb6 Kxb3 37. Kxb5 Kc3 38. Kc5 Kd3 39. Kd5 Ke3 40.
Kxe5 Kxf3 41. Kf5 g4 42. hxg4 h3 0-1

[Event "World Rapid Team 2023"]
[Site "Dusseldorf GER"]
[Date "2023.08.28"]
[Round "12.10"]
[Board "4"]
[White "Reizniece-Ozola, Dana"]
[Black "Bartelt, Max Peter"]
[Result "1-0"]
[WhiteTitle "WGM"]
[WhiteElo "2268"]
[BlackElo "2025"]
[WhiteTeam "FIDE Management Board"]
[BlackTeam "Wensing & Poebel"]
[WhiteFideId "11601124"]
[BlackFideId "12967289"]
[EventDate "2023.08.26"]

1. c4 Nf6 2. Nf3 g6 3. g3 Bg7 4. Bg2 O-O 5. Nc3 d5 6. cxd5 Nxd5 7. h4 Nxc3 8.
bxc3 h5 9. Rb1 c6 10. O-O Qc7 11. Qb3 b6 12. Ng5 Bg4 13. Ba3 Bf6 14. Rfe1 Nd7
15. d4 Rad8 16. e4 c5 17. Rbc1 Qb8 18. e5 Bxg5 19. hxg5 e6 20. f3 Bf5 21. Qd1 f6
22. gxf6 g5 23. Qd2 Kf7 24. Qxg5 Rg8 25. Qxh5+ Bg6 26. Qh6 Qc7 27. d5 Rdf8 28.
dxe6+ Kxe6 29. Rcd1 Bf5 30. Rd6+ Kf7 31. e6+ Ke8 32. f7+ 1-0

[Event "World Rapid Team 2023"]
[Site "Dusseldorf GER"]
[Date "2023.08.28"]
[Round "12.10"]
[Board "5"]
[White "Kesselmeier, Kevin"]
[Black "Stoisavljevic, Sava"]
[Result "1-0"]
[BlackTitle "WFM"]
[WhiteElo "2011"]
[BlackElo "2125"]
[WhiteTeam "Wensing & Poebel"]
[BlackTeam "FIDE Management Board"]
[WhiteFideId "16217551"]
[BlackFideId "913545"]
[EventDate "2023.08.26"]

1. e4 d5 2. exd5 Qxd5 3. Nc3 Qd6 4. d4 Nf6 5. Nf3 Bg4 6. h3 Bxf3 7. Qxf3 c6 8.
Bf4 Qxd4 9. Rd1 Qb6 10. Bc4 Nbd7 11. O-O e6 12. Rfe1 Be7 13. g4 O-O-O 14. g5 Ne8
15. Na4 Qa5 16. Nc3 Bxg5 17. b4 Qf5 18. Qxc6+ 1-0

[Event "World Rapid Team 2023"]
[Site "Dusseldorf GER"]
[Date "2023.08.28"]
[Round "12.10"]
[Board "6"]
[White "Ozols, Andris"]
[Black "Moeller, Lisa-Marie"]
[Result "0-1"]
[WhiteElo "1490"]
[BlackElo "1899"]
[WhiteTeam "FIDE Management Board"]
[BlackTeam "Wensing & Poebel"]
[WhiteFideId "11605456"]
[BlackFideId "12959367"]
[EventDate "2023.08.26"]

1. e4 c5 2. Nf3 e6 3. g3 Nc6 4. Bg2 g6 5. O-O Bg7 6. Qe2 Nge7 7. c3 O-O 8. Rd1
d5 9. d4 cxd4 10. Nxd4 Nxd4 11. cxd4 Bd7 12. Nc3 Bc6 13. e5 Rc8 14. h4 Nf5 15.
Bg5 Qb6 16. Qd3 h6 17. Bf6 Bxf6 18. exf6 Qd8 19. Qd2 Qxf6 20. Qf4 Kg7 21. Rd3
Bd7 22. Re1 Rc4 23. Re5 Ne7 24. Qxf6+ Kxf6 25. g4 Nc6 26. g5+ hxg5 27. hxg5+ Kg7
28. Re1 Rxd4 29. Rg3 Rd2 30. b3 Rd4 31. Ne2 Rd2 32. Nc3 Rh8 33. Nb5 Rxa2 34. Nd6
Rb2 35. Rf3 Be8 36. Rf6 Rxb3 37. f4 Rb4 38. f5 gxf5 39. Nxe8+ Rxe8 40. Rh6 Rh8
41. Rf6 Rg4 0-1

[Event "World Rapid Team 2023"]
[Site "Dusseldorf GER"]
[Date "2023.08.28"]
[Round "12.11"]
[Board "1"]
[White "Rendle, Thomas E"]
[Black "Baklan, Vladimir"]
[Result "1/2-1/2"]
[WhiteTitle "IM"]
[BlackTitle "GM"]
[WhiteElo "2385"]
[BlackElo "2550"]
[WhiteTeam "The Sharks"]
[BlackTeam "Ukrainian Amators"]
[WhiteFideId "408760"]
[BlackFideId "14102196"]
[EventDate "2023.08.26"]

1. d4 Nf6 2. c4 e6 3. g3 Bb4+ 4. Nd2 c5 5. a3 Bxd2+ 6. Qxd2 cxd4 7. Nf3 d5 8.
Bg2 dxc4 9. Qxd4 Qd5 10. O-O Nc6 11. Qh4 Qe4 12. Qxe4 Nxe4 13. Be3 Bd7 14. Rac1
b5 15. Nd4 Nxd4 16. Bxd4 Bc6 17. Bxg7 Rg8 18. Bd4 Bd5 19. Rfd1 f5 20. f3 Nd6 21.
Be5 Nf7 22. Bc3 Rc8 23. Rd4 Ke7 24. Rcd1 Bc6 25. Bb4+ Kf6 26. Bc3 Ke7 27. Bb4+
Kf6 28. Bc3 Ke7 1/2-1/2